000 00802nam a2200229Ia 4500
005 20230424112618.0
008 131103s9999 xx 000 0 und d
020 _a195634314
_cRs.145
040 _aLoreto College
041 _aEnglish
082 _a338.954
_bROY
245 _aEconomic development and environment
_b a case study of India
_cedited by Kartik C.Ray,Clement A..Tisdell [and] Raj Kumar Sen
260 _aCalcutta
_bOxford University Press
_c1992 (1995 printing)
300 _axvi,164 p.
_b ill.,tables
440 _aOxford India Paperbacks
504 _aIncludes bibliographical references and index
650 _aEconomics - Economic Policy and Development
651 _aIndia - Economic Policy and Development
700 _aRoy,Kartik C.,ed.
850 _aLCLIB
942 _cBK
999 _c7415
_d57894